| 000 | 01273cab a2200241 4500 | ||
|---|---|---|---|
| 001 | L136590 | ||
| 008 | 070209n2007 000 0 eng u | ||
| 035 | _a(Sirsi) u136590 | ||
| 041 | 0 | _aeng | |
| 100 | 1 | _aPilkington, Lisa | |
| 245 | 0 | 0 | _aFocus East Midlands offices and retail |
| 260 | _c2007 | ||
| 490 | 0 | 0 |
_aEstates Gazette _v(0705) 3 February 2007, 147-177(18) |
| 520 | _aLooks at two major office developments in Nottingham city centre and reports on the proposals. Covers the Broadmarsh retail redevelopment in Nottingham asking whether it will go ahead after seven years of waiting. Looks at the likely increase in office space in Leicester city centre. Examines the planned regeneration in Lincoln which will join the city's cathedral and university to the retail centre. Asks whether a 20-year masterplan could put Derby back on the map. Covers the residential growth in Northants and argues that developers who saw potential in the area years ago are being proven right as commercial schemes spring up. | ||
| 590 | _aKA | ||
| 651 | 4 | _aEAST MIDLANDS | |
| 690 | _aPROPERTY-COMMERCIAL PROPERTY-COMMERCIAL PROPERTY MARKET | ||
| 700 | 1 | _aQuinn, David | |
| 700 | 1 | _aHalstead, Ian | |
| 700 | 1 | _aRedford, Kirstie | |
| 700 | 1 | _aRobson, Claire | |
| 942 | _n0 | ||
| 999 |
_c78358 _d78358 |
||